Statistics for 100 Most Populous Counties in the US

Click here to take the quiz!

General Stats

  • This quiz has been taken 91 times
  • The average score is 58 of 100

Answer Stats

PopulationStateCounty% Correct
9.9 millionCaliforniaLos Angeles
99%
2.7 millionFloridaMiami-Dade
95%
2.6 millionTexasDallas
91%
3.3 millionCaliforniaSan Diego
89%
1.6 millionNew YorkNew York
86%
1.4 millionFloridaOrange
86%
3.1 millionCaliforniaOrange
86%
5.1 millionIllinoisCook
84%
4.7 millionTexasHarris
84%
2.3 millionWashingtonKing
84%
883kCaliforniaSan Francisco
82%
4.6 millionArizonaMaricopa
80%
2.5 millionNew YorkKings
78%
826kMarylandBaltimore
77%
2.3 millionNevadaClark
77%
2.2 millionCaliforniaSan Bernardino
77%
963kHawaiiHonolulu
74%
2.2 millionNew YorkQueens
74%
749kColoradoDenver
73%
1.5 millionPennsylvaniaPhiladelphia
73%
2.5 millionCaliforniaRiverside
73%
1.1 millionUtahSalt Lake
73%
992kMissouriSt. Louis
72%
1.7 millionMichiganWayne
72%
1.6 millionCaliforniaAlameda
70%
1.3 millionNew YorkBronx
70%
1.5 millionCaliforniaSacramento
69%
1 millionCaliforniaFresno
68%
943kWisconsinMilwaukee
68%
1 millionGeorgiaFulton
66%
1.9 millionCaliforniaSanta Clara
65%
1.4 millionNew YorkSuffolk
65%
805kMassachusettsSuffolk
65%
1.2 millionMinnesotaHennepin
64%
764kKentuckyJefferson
64%
1.2 millionOhioCuyahoga
62%
737kColoradoEl Paso
62%
844kTexasEl Paso
62%
2 millionTexasBexar
61%
890kConnecticutHartford
61%
707kMissouriJackson
61%
811kOklahomaOklahoma
61%
1.2 millionPennsylvaniaAllegheny
59%
1.3 millionNew YorkNassau
59%
2.1 millionTexasTarrant
59%
841kCaliforniaVentura
59%
1.9 millionFloridaBroward
58%
975kFloridaDuval
58%
1.3 millionOhioFranklin
58%
690kIllinoisLake
58%
1.2 millionMichiganOakland
57%
1.1 millionVirginiaFairfax
55%
1.1 millionNorth CarolinaMecklenburg
55%
838kPennsylvaniaMontgomery
55%
1 millionMarylandMontgomery
55%
916kNew YorkErie
54%
821kOhioHamilton
54%
976kIndianaMarion
54%
1.3 millionTexasTravis
54%
966kNew YorkWestchester
54%
1.5 millionFloridaHillsborough
53%
913kCaliforniaKern
53%
790kMassachusettsEssex
50%
799kNew JerseyEssex
50%
822kNew JerseyMiddlesex
50%
1.6 millionMassachusettsMiddlesex
50%
1 millionArizonaPima
50%
762kCaliforniaSan Mateo
50%
739kNew YorkMonroe
49%
1.5 millionFloridaPalm Beach
49%
689kIllinoisWill
49%
1.1 millionCaliforniaContra Costa
47%
978kFloridaPinellas
47%
908kMarylandPrince George's
47%
833kMassachusettsWorcester
46%
701kTennesseeDavidson
45%
1.1 millionNorth CarolinaWake
45%
1 millionTexasCollin
43%
768kGeorgiaDeKalb
43%
944kTexasDenton
43%
820kOregonMultnomah
43%
930kNew JerseyBergen
42%
954kGeorgiaGwinnett
42%
713kMassachusettsNorfolk
42%
768kGeorgiaCobb
41%
673kNew JerseyHudson
41%
850kConnecticutNew Haven
41%
938kTennesseeShelby
41%
681kNew MexicoBernalillo
39%
714kWashington D.C.District of Columbia
39%
914kIllinoisDuPage
39%
942kConnecticutFairfield
39%
802kFloridaLee
38%
927kWashingtonPierce
35%
876kMichiganMacomb
34%
761kFloridaPolk
34%
840kWashingtonSnohomish
34%
781kCaliforniaSan Joaquin
32%
858kTexasFort Bend
27%
881kTexasHidalgo
18%

Score Distribution

Percentile by Number Answered

Percent of People with Each Score

Your Score History

You have not taken this quiz